000 015210000a22002170004500
020 _a0-19-826198-5
082 0 4 _aG 232 S78w
100 1 _aSturch, Richard
245 1 0 _aThe word and the Christ : An essay in analytic christology / Richard Sturch
260 _aOxford, England : Clarendon Press
300 _a292 páginas
500 _aIncluye índice (p. 289-292)
501 _aPasta dura
505 0 0 _aLa palabra y el Cristo: Un ensayo en cristología analítica - Distinciones dentro la cristología - La "obsolescencia" de puntos de vista tradicionales - La "incoherencia lógica" de puntos de vista tradicionales - Los "problemas insolubles" que surgen de las visiones tradicionales - La "imposibilidad" los puntos de vista tradicionales en cuanto a una apropiada visión de Dios y su mundo - La "falta de pruebas" - La base de una cristología analítica - Las restricciones teológicas - Las implicaciones de la revelación universal y la expiación - Enfoques para el análisis - El vínculo entre Dios y el hombre en Jesús - La carga de la obsolescencia discutida - La coherencia interna de la posición tradicional - Encarnación y "vida interior" - Acción divina - La relación de Cristo con la raza humana - Consideraciones éticas - Las preguntas de los cristologos - La cuestión de la evidencia.
650 1 4 _aJesucristo \ Palabra (Teología)
001 19811
942 _cBK
999 _c46172
_d46172
336 _atexto
_btxt
_2rdacontent
337 _2rdamedia
_asin mediación
_bn
338 _2rdacarrier
_avolumen
_bnc